<?xml version="1.0" encoding="UTF-8"?>
<record
    xmlns:xsi="http://www.w3.org/2001/XMLSchema-instance"
    xsi:schemaLocation="http://www.loc.gov/MARC21/slim http://www.loc.gov/standards/marcxml/schema/MARC21slim.xsd"
    xmlns="http://www.loc.gov/MARC21/slim">

  <leader>00722cam a22002532  4500</leader>
  <datafield tag="999" ind1=" " ind2=" ">
    <subfield code="c">18868</subfield>
    <subfield code="d">18868</subfield>
  </datafield>
  <controlfield tag="001">0000019955</controlfield>
  <controlfield tag="003">OSt</controlfield>
  <controlfield tag="005">20210407100131.0</controlfield>
  <controlfield tag="008">110325s         xx           000 0 eng d</controlfield>
  <datafield tag="020" ind1=" " ind2=" ">
    <subfield code="a">0199683703</subfield>
  </datafield>
  <datafield tag="040" ind1=" " ind2=" ">
    <subfield code="a">KABU</subfield>
    <subfield code="c">KABU</subfield>
  </datafield>
  <datafield tag="050" ind1=" " ind2=" ">
    <subfield code="a">KD3930</subfield>
    <subfield code="b">.A7W33 2014 c.1</subfield>
  </datafield>
  <datafield tag="100" ind1="1" ind2=" ">
    <subfield code="a">Wade, William.</subfield>
  </datafield>
  <datafield tag="245" ind1="1" ind2="0">
    <subfield code="a">Administrative law /</subfield>
    <subfield code="c">William Wade and Christopher Forsyth.</subfield>
  </datafield>
  <datafield tag="250" ind1=" " ind2=" ">
    <subfield code="a">11th  ed.</subfield>
  </datafield>
  <datafield tag="260" ind1=" " ind2=" ">
    <subfield code="a">Oxford :</subfield>
    <subfield code="b">O. U. P.,</subfield>
    <subfield code="c">2014.</subfield>
  </datafield>
  <datafield tag="300" ind1=" " ind2=" ">
    <subfield code="a">xc, 867p.</subfield>
  </datafield>
  <datafield tag="650" ind1=" " ind2="0">
    <subfield code="a">Administrative law</subfield>
    <subfield code="z">Great Britain.</subfield>
  </datafield>
  <datafield tag="650" ind1=" " ind2="0">
    <subfield code="a">Constitutional Law</subfield>
    <subfield code="z">Great Britain.</subfield>
  </datafield>
  <datafield tag="700" ind1="1" ind2=" ">
    <subfield code="a">Forsyth, Christopher.</subfield>
  </datafield>
  <datafield tag="908" ind1=" " ind2=" ">
    <subfield code="a">110325</subfield>
  </datafield>
  <datafield tag="942" ind1=" " ind2=" ">
    <subfield code="2">lcc</subfield>
    <subfield code="c">BK</subfield>
  </datafield>
  <datafield tag="952" ind1=" " ind2=" ">
    <subfield code="0">0</subfield>
    <subfield code="1">0</subfield>
    <subfield code="2">lcc</subfield>
    <subfield code="7">0</subfield>
    <subfield code="a">KABU</subfield>
    <subfield code="b">KABU</subfield>
    <subfield code="d">2021-04-07</subfield>
    <subfield code="l">2</subfield>
    <subfield code="o">KD3930 .A7W33 2014 c.1</subfield>
    <subfield code="p">029705</subfield>
    <subfield code="r">2025-09-26 10:36:08</subfield>
    <subfield code="s">2025-09-11</subfield>
    <subfield code="w">2021-04-07</subfield>
    <subfield code="y">BK</subfield>
  </datafield>
  <datafield tag="952" ind1=" " ind2=" ">
    <subfield code="0">0</subfield>
    <subfield code="1">0</subfield>
    <subfield code="2">lcc</subfield>
    <subfield code="7">0</subfield>
    <subfield code="a">KABU</subfield>
    <subfield code="b">KABU</subfield>
    <subfield code="d">2021-04-07</subfield>
    <subfield code="l">1</subfield>
    <subfield code="o">KD3930 .A7W33 2014 c.2</subfield>
    <subfield code="p">029706</subfield>
    <subfield code="r">2024-02-08 13:47:45</subfield>
    <subfield code="s">2024-01-17</subfield>
    <subfield code="w">2021-04-07</subfield>
    <subfield code="y">BK</subfield>
  </datafield>
  <datafield tag="952" ind1=" " ind2=" ">
    <subfield code="0">0</subfield>
    <subfield code="1">0</subfield>
    <subfield code="2">lcc</subfield>
    <subfield code="7">0</subfield>
    <subfield code="a">KABU</subfield>
    <subfield code="b">KABU</subfield>
    <subfield code="d">2021-04-07</subfield>
    <subfield code="l">3</subfield>
    <subfield code="m">1</subfield>
    <subfield code="o">KD3930 .A7W33 2014 c.3</subfield>
    <subfield code="p">029707</subfield>
    <subfield code="r">2025-01-23 13:54:18</subfield>
    <subfield code="s">2025-01-13</subfield>
    <subfield code="w">2021-04-07</subfield>
    <subfield code="y">BK</subfield>
  </datafield>
  <datafield tag="952" ind1=" " ind2=" ">
    <subfield code="0">0</subfield>
    <subfield code="1">0</subfield>
    <subfield code="2">lcc</subfield>
    <subfield code="7">0</subfield>
    <subfield code="a">KABU</subfield>
    <subfield code="b">KABU</subfield>
    <subfield code="d">2021-04-07</subfield>
    <subfield code="l">3</subfield>
    <subfield code="m">2</subfield>
    <subfield code="o">KD3930 .A7W33 2014 c.4</subfield>
    <subfield code="p">029708</subfield>
    <subfield code="r">2025-11-14 11:16:12</subfield>
    <subfield code="s">2025-10-14</subfield>
    <subfield code="w">2021-04-07</subfield>
    <subfield code="y">BK</subfield>
  </datafield>
  <datafield tag="952" ind1=" " ind2=" ">
    <subfield code="0">0</subfield>
    <subfield code="1">0</subfield>
    <subfield code="2">lcc</subfield>
    <subfield code="7">0</subfield>
    <subfield code="a">KABU</subfield>
    <subfield code="b">KABU</subfield>
    <subfield code="d">2021-04-07</subfield>
    <subfield code="l">7</subfield>
    <subfield code="m">1</subfield>
    <subfield code="o">KD3930 .A7W33 2014 c.5</subfield>
    <subfield code="p">029709</subfield>
    <subfield code="r">2025-11-01 13:07:35</subfield>
    <subfield code="s">2025-10-13</subfield>
    <subfield code="w">2021-04-07</subfield>
    <subfield code="y">BK</subfield>
  </datafield>
</record>
